000 00936nac a22002657a 4500
001 BR7406027
003 BR-BrBNA
005 20240105113813.0
008 230509b bl.|||m| |||| 00| 0 por d
040 _aBR-BrBNA
_bpor
_cBiblioteca Nacional de Agricultura
072 _aE30
090 _aE30 BR7406027
110 1 _aDiretoria Estadual do Ministerio da Agricultura em Roraima, Boa Vista (Brasil)
_93429
245 1 _aRelatorio das atividades do exercicio de 1973 [Diretoria Estadual do Ministerio da Agricultura em Roraima, Brasil]
260 3 _aBoa Vista, RR (Brasil):
_c1974.
300 _a30 p.
490 _aRelatorio - Diretoria Estadual do Ministerio da Agricultura em Roraima (Brazil)
_v
_x
650 _aPROJETO DE DESENVOLVIMENTO
650 _aPRODUCAO ANIMAL
650 _aPRODUCAO VEGETAL
650 _aDESPESA
650 _aRORAIMA
909 _a202312
_bLúcia Elande
_c55
_dLúcia Elande
942 _2AGRIS
_n0
_cMS
999 _c265664
_d265664